000 00653nam a22002177a 4500
999 _c3333
_d3333
001 3333
003 BD-JhCC
005 20171112204547.0
008 171112s1989 bg a|||| ||a| 000 0 ben d
035 _a(BD-JhCC)3333
040 _aBD-JhCC
_dBD-JhCC
041 _aben
082 _a491.443
_bCHO 1989
245 _aছোটদের অভিধান /
_cবাংলা একাডেমী
260 _aঢকা :
_bবাংলা একাডেমী,
_c১৯৮৯.
300 _a312 p. :
_bill. ;
_c24 cm.
650 _aChildren's Bengla Dictionary
710 _aবাংলা একাডেমী
942 _2ddc
_cBK